| 000 | 01807cam a2200325 a 4500 | ||
|---|---|---|---|
| 001 | 15669269 | ||
| 003 | AUA.1 | ||
| 005 | 20160729111231.0 | ||
| 008 | 090323s2009 ilua b 001 0 eng | ||
| 010 | _a 2009011892 | ||
| 020 | _a9780802490926 | ||
| 020 | _a0802490921 | ||
| 035 | _a(OCoLC)ocn301890096 | ||
| 040 |
_aDLC _cDLC _dBTCTA _dDTM _dDLC |
||
| 050 | 0 | 0 |
_aBS476 _b.M35 2009 |
| 082 | 0 | 0 |
_a220.601 _222 |
| 100 | 1 |
_aMcQuilkin, J. Robertson, _d1927- |
|
| 245 | 1 | 0 |
_aUnderstanding and applying the Bible / _cRobertson McQuilkin. |
| 250 | _aRev. and exp. | ||
| 260 |
_aChicago, IL. : _bMoody Publishers, _cc2009. |
||
| 300 |
_a382 p. ; _bill. ; _c23 cm. |
||
| 504 | _aIncludes bibliographical references (p. [353]-356) and indexes. | ||
| 505 | 0 | _aPresupposition of biblical interpretation -- Supernaturalistic approaches of premoderns -- The naturalistic approaches of moderns -- The naturalistic approaches of postmoderns -- Dogmatic approaches -- Basic principles for understanding the Bible -- Understanding human language -- Historical, physical, and cultural setting -- A method of word study -- Analyzing thought structure -- Examining the context -- Figurative language -- Parables Hebrew poetry -- Unity of Scripture -- Coherence of truth -- Approach to alleged discrepancies -- Biblical prophecy -- Identifying the audience God intended -- Identifying the response God desires. | |
| 630 | 0 | 0 |
_aBible _xHermeneutics. |
| 630 | 0 | 0 |
_aBible _xCriticism, interpretation, etc. |
| 856 | 4 | 1 | _3Table of contents only |
| 906 |
_a7 _bcbc _corignew _d1 _eecip _f20 _gy-gencatlg |
||
| 942 |
_2lcc _cBOOK _hBS 476 _i.M35 2009 |
||
| 999 |
_c15108 _d15108 |
||